Boats or Dances? Quiz Stats

 Plays Quiz not verified by Sporcle

Also try: Art Material
Challenge
Share
Tweet
Embed
Score 0/15 Timer 02:00
0 Plays Today
% Correct
Kayak
95%
Yacht
93.1%
Gondola
92.9%
Catamaran
92.2%
Clipper
90.7%
Schooner
90.1%
Galleon
85.4%
Sloop
82%
% Correct
Dhow
66.5%
Trireme
47.4%
Umiak
46.1%
Coracle
45.9%
Caïque
37.5%
Xebec
36.2%
Felucca
33.4%

You're not logged in!

Compare scores with friends on all Sporcle quizzes.
Join for Free
OR
Log In

You Might Also Like...

Show Comments

Extras

Top Quizzes Today


Score Distribution

Your Account Isn't Verified!

In order to create a playlist on Sporcle, you need to verify the email address you used during registration. Go to your Sporcle Settings to finish the process.

Report this User

Report this user for behavior that violates our Community Guidelines.

Details: